All Football Players Worth Over €50m - Statistics

General Stats
  • This quiz has been taken 30 times
    12 since last reset
  • The average score is 74 of 114
Answer Stats
Club Nationality Position Value Player % Correct
FC Arsenal England RW €150m Bukayo Saka
100%
FC Barcelona Spain RW €200m Lamine Yamal
100%
Manchester City England RW €100m Phil Foden
100%
Newcastle United Sweden ST €120m Alexander Isak
91%
FC Liverpool Argentina CM €100m Alexis Mac Allister
91%
FC Chelsea England CAM €120m Cole Palmer
91%
FC Arsenal England CM €120m Declan Rice
91%
Manchester City Norway ST €180m Erling Haaland
91%
Real Madrid Uruguay CM €130m Federico Valverde
91%
Bayer Leverkusen Germany CAM €140m Florian Wirtz
91%
FC Barcelona Spain CM €60m Gavi
91%
Real Madrid England CAM €180m Jude Bellingham
91%
Real Madrid France ST €180m Kylian Mbappé
91%
Tottenham Hotspur Netherlands CB €50m Micky van de Ven
91%
FC Barcelona Spain CM €140m Pedri
91%
Manchester City Spain CDM €110m Rodri
91%
Real Madrid Brazil LW €170m Vinicius Junior
91%
Bayern Munich England ST €75m Harry Kane
82%
Bayern Munich Germany CAM €140m Jamal Musiala
82%
Atlético de Madrid Argentina ST €100m Julián Alvarez
82%
Inter Milan Argentina ST €95m Lautaro Martínez
82%
Bayern Munich France RW €100m Michael Olise
82%
FC Liverpool Egypt RW €50m Mohamed Salah
82%
FC Arsenal France CB €80m William Saliba
82%
PSG Morocco RB €80m Achraf Hakimi
73%
Inter Milan Italy CB €80m Alessandro Bastoni
73%
Newcastle United England LW €65m Anthony Gordon
73%
Real Madrid France CDM €75m Aurélien Tchouameni
73%
Manchester United Portugal CAM €50m Bruno Fernandes
73%
Newcastle United Brazil CDM €80m Bruno Guimarães
73%
FC Liverpool Netherlands LW €70m Cody Gakpo
73%
PSG France RW €90m Désiré Doué
73%
FC Liverpool Hungary CAM €80m Dominik Szoboszlai
73%
Crystal Palace England CAM €55m Eberechi Eze
73%
FC Chelsea Argentina CM €75m Enzo Fernández
73%
Inter Milan Italy LB €60m Federico Dimarco
73%
FC Arsenal Brazil CB €75m Gabriel
73%
FC Arsenal Brazil LW €55m Gabriel Martinelli
73%
Eintracht Frakfurt France ST €75m Hugo Ekitiké
73%
FC Liverpool France CB €60m Ibrahima Konaté
73%
Bayer Leverkusen Netherlands RB €50m Jeremie Frimpong
73%
PSG Portugal CDM €80m João Neves
73%
Manchester City Croatia RB €75m Josko Gvardiol
73%
FC Barcelona France RB €65m Jules Koundé
73%
FC Arsenal Germany ST €65m Kai Havertz
73%
PSG Georgia LW €90m Khvicha Kvaratskhelia
73%
FC Liverpool Colombia LW €70m Luis Díaz
73%
Inter Milan France ST €75m Marcus Thuram
73%
FC Arsenal Norway CAM €85m Martin Ødegaard
73%
FC Chelsea Ecuador CDM €90m Moisés Caicedo
73%
Inter Milan Italy CM €80m Nicolò Barella
73%
Athletic Club Spain LW €70m Nico Williams
73%
PSG Portugal LB €70m Nuno Mendes
73%
Manchester City Egypt ST €75m Omar Marmoush
73%
PSG France RW €90m Ousmane Dembélé
73%
FC Barcelona Spain CB €80m Pau Cubarsí
73%
FC Chelsea Portugal RW €50m Pedro Neto
73%
AC Milan Portugal LW €75m Rafael Leão
73%
FC Barcelona Brazil LW €90m Raphinha
73%
Real Madrid Brazil RW €90m Rodrygo
73%
Manchester City Portugal CB €65m Rúben Dias
73%
FC Liverpool Netherlands CDM €75m Ryan Gravenberch
73%
Newcastle United Italy CM €60m Sandro Tonali
73%
Real Madrid England RB €75m Trent Alexander-Arnold
73%
Galatasaray Nigeria ST €70m Victor Osimhen
73%
PSG Portugal CM €80m Vitinha
73%
RB Leipzig Netherlands CAM €70m Xavi Simons
73%
Atalanta Bergamo Nigeria SS €60m Ademola Lookman
64%
FC Barcelona Spain LB €60m Alejandro Balde
64%
Bayern Munich Canada LB €50m Alphonso Davies
64%
RB Leipzig Slovenia ST €70m Benjamin Sesko
64%
PSG France LW €70m Bradley Barcola
64%
Brentford Cameroon RW €55m Bryan Mbeumo
64%
AC Milan USA RW €50m Christian Pulisic
64%
Tottenham Hotspur Argentina CB €50m Cristian Romero
64%
Tottenham Hotspur Sweden CAM €50m Dejan Kulusevski
64%
FC Arsenal Netherlands RB €55m Jurrien Timber
64%
Wolverhampton Brazil ST €60m Matheus Cunha
64%
Nottingham Forest England CAM €50m Morgan Gibbs-White
64%
FC Chelsea Senegal ST €50m Nicolas Jackson
64%
Manchester City Brazil RW €50m Savinho
64%
Sporting CP Sweden ST €75m Viktor Gyökeres
64%
FC Barcelona Spain CAM €60m Dani Olmo
55%
Real Madrid Spain CB €60m Dean Huijsen
55%
Real Madrid France CM €60m Eduardo Camavinga
55%
Manchester City Belgium LW €50m Jérémy Doku
55%
Manchester United England CM €50m Kobbie Mainoo
55%
Manchester United France CB €55m Leny Yoro
55%
FC Chelsea England CB €55m Levi Colwill
55%
Real Sociedad Spain CDM €60m Martín Zubimendi
55%
PSG France CM €55m Warren Zaïre-Emery
55%
PSG Ecuador CB €65m Willian Pacho
55%
Bayern Munich France CB €50m Dayot Upamecano
45%
FC Barcelona Spain CAM €50m Fermín López
45%
RB Leipzig Belgium ST €50m Loïs Openda
45%
AC Milan Netherlands CM €50m Tijjani Reijnders
45%
Bayern Munich Germany CDM €55m Aleksandar Pavlovic
36%
Aston Villa Belgium CDM €50m Amadou Onana
36%
Juventus Brazil CB €50m Bremer
36%
Palmeiras Brazil RW €65m Estêvão
36%
FC Arsenal England RW €55m Ethan Nwaneri
36%
Brighton & Hove Albion Spain CAM €50m João Pedro
36%
Aston Villa England LW €50m Marcus Rashford
36%
Aston Villa England CAM €55m Morgan Rogers
36%
Atalanta Bergamo Brazil CM €50m Éderson
27%
Borussia Dortmund England LW €50m Jamie Gittens
27%
FC Everton England CB €50m Jarrad Branthwaite
27%
Nottingham Forest Brazil CB €55m Murillo
27%
Bayer Leverkusen Ecuador CB €50m Piero Hincapié
27%
Sporting CP Denmark CDM €50m Morten Hjulmand
18%
Atlético de Madrid Spain CM €55m Pablo Barrios
18%
FC Villareal Spain LW €55m Álex Baena
9%
Athletic Club Spain CAM €60m Oihan Sancet
9%
FC Porto Spain ST €50m Samu Aghehowa
0%
No matching quizzes found
Score Distribution
Percent of People with Each Score
Percentile by Number Answered
Your Score History
You have not taken this quiz since the last reset